| 000 | 02543nam0a2200409 4500 | ||
|---|---|---|---|
| 001 | RU\NLR\BIBL_A\011740125 | ||
| 005 | 20180921160135.0 | ||
| 010 |
_a978-5-9580-0360-0 _9500 |
||
| 021 |
_aRU _bКН-П-18-039457 _9КН-П-18-2843 |
||
| 035 | _a(NLR Aleph) 011740125 | ||
| 035 | _a(RuMoRGB)009646980 | ||
| 090 |
_a11573922 _c11573922 |
||
| 100 | _a20180629d2018 k y0rusy50 ca | ||
| 101 | 0 | _arus | |
| 102 | _aRU | ||
| 105 | _aa|||z|||000zy | ||
| 200 | 1 |
_aСовременное состояние, проблемы и перспективы развития уголовного права, процесса и криминалистики _eмонография _f[Ирина Александровна Уварова - канд. юрид. наук, доцент, Людмила Александровна Букалерова - д-р юрид. наук, проф., Татьяна Викторовна Досюкова - канд. юрид. наук, доцент и др. _gотв. ред.: И.А. Уварова] _gМосковский университет им. С.Ю. Витте, Кафедра уголовного права и процесса |
|
| 210 |
_aМосква _cИзд-во ЧОУВО "МУ им. С.Ю. Витте" _d2018 |
||
| 215 |
_a192 с. _d21 |
||
| 300 | _aАвт. указаны на 192-й с. | ||
| 320 | _aБиблиогр.: с. 183-191 (93 назв.) и в подстроч. примеч. | ||
| 606 | 1 |
_aУголовное право _yРоссийская Федерация _2nlr_sh1 _2nlr_sh2 _3RU\NLR\AUTH\661299404 |
|
| 606 | 1 |
_aУголовный процесс _yРоссийская Федерация _2nlr_sh1 _2nlr_sh2 _3RU\NLR\AUTH\661254592 |
|
| 606 | 1 |
_aКриминалистика _yРоссийская Федерация _2nlr_sh1 _2nlr_sh2 _3RU\NLR\AUTH\661258910 |
|
| 686 | 1 | _aХ628.1 | |
| 686 | 1 | _aХ629.3 | |
| 686 | 1 | _aХ629.4 | |
| 701 | 1 |
_aУварова _bИ. А. _cканд. юрид. наук _gИрина Александровна _3RU\NLR\AUTH\77113921 |
|
| 701 | 1 |
_aБукалерова _bЛ. А. _gЛюдмила Александровна |
|
| 701 | 1 |
_aДосюкова _bТ. В. _gТатьяна Викторовна |
|
| 712 | 0 | 2 |
_aМосковский университет им. С. Ю. Витте _bКафедра уголовного права и процесса _3RU\NLR\AUTH\880450658 _4570 |
| 942 | _cBOOK | ||
| 980 | _aNBR | ||
| 980 | _aNB | ||